00525nam a22001697a 450000500170000001000150001702000260003203500140005803700130007208200120008510000160009724500790011326000310019227000890022330000240031250000190033620170523160930.0 aENG-118359 c995.00a9789351438700 aEN-101891 bDBAD/PUB a340.092 aThakur D.D. aMy life:cby D.D.Thakur byear at the bar, bench and in Kashmir politics / aGurgaonbLexis Nexisc2017 a14th Floor Building N0-10,Tower-B,DLF Cyber City Phase-IIbGurgaon (Haryana)e122002 axvi,597p.c24cm(Hb) aIncludes index